000 00487nam a22001817a 4500
003 OSt
005 20180116183033.0
008 151231b xxu||||| |||| 00| 0 eng d
020 _a0
040 _c0
082 _a769.358 MAH 2007
100 _aSyed Khalid Mahmood
245 _aMission Caribbean
_bA Guide to ICC Cricket World Cup 2007
_cSyed Khalid Mahmood
260 _aKarachi
_bJumbo Publishing
_c2007
300 _a122 p.
_bPB
440 _aMission Caribbean
942 _2ddc
_cBK
999 _c351085
_d351085